01005nam a2200241 a 450000100060000000300080000600500170001400800410003103500350007203500190010704000370012604100110016308200210017410000540019524502190024926000330046830000520050150000890055350400290064265100280067170000300069970000340072976499BD-RjUL20211209082843.0191212s1954 enkabc b 000 0 eng d aOCLC ocm01298514 from D951025M a(BD-RjUL)76722 aDLCcNHMdSERdEQOdBD-RjULbeng1 aengger a915.47bHEN 19541 aHerrligkoffer, Karl M.q(Karl Maria),d1916-1991.10aNanga Parbat :bincorporating the official report of the expedition of 1953 /cKarl M. Herrligkoffer; translated and additional material supplied by Eleanor Brockett and Anton Ehrenzweig. Foreword by Sir John Hunt. aLondon :bElek Books,c1954. a254 p., [32] leaves of plates :bill. ;c23 cm. aAccount of the Deutsch-Österreichische Willy-Merkl-Gedächtnis-Expedition in 1953 aBibliography: p. 247-248 0aNanga Parbat (Pakistan)1 aBrockett, Eleanor,d1913-1 aEhrenzweig, Anton,d1908-1966